000 00525nam a22001577a 4500
003 OSt
005 20150911145120.0
008 150911b xxu||||| |||| 00| 0 eng d
040 _cRUA
082 _aAGR ថោង 1995 B014 Or.1
100 _9290
_aថោង ច័ន្ទនីកា
245 _aការសិក្សាអំពីចន្លោះឃ្លាតដាំដុះនៃដំណាំសណ្ដែកបាយ
260 _aPhnom Penh
_bRUA
_c1995
300 _a60p.
_bill.
_c29cm.
942 _2ddc
_cAGR
999 _c269
_d269